80-90s UK and Ireland bands & cities 1 - Statistics

General Stats
  • This quiz has been taken 20 times
    3 since last reset
  • The average score is 6 of 22
Answer Stats
Hint Answer % Correct
Snow Patrol Dundee & Northern Ireland
100%
the Cranberries Limerick
67%
Skunk Anansie London
67%
Babyshambles London
67%
the Clash London
67%
Oasis Manchester
67%
Tears for Fears Bath
33%
Manic Street Preachers Blackwood (Gwent)
33%
Kasabian Leicester
33%
Psychadelic Furs London
33%
Culture Club London
33%
Bush London
33%
Yazoo Basildon (Essex)
0%
the Levellers Brighton
0%
Sisters of Mercy Leeds
0%
Ladytron Liverpool
0%
Erasure London
0%
Take That Manchester
0%
Stereo MC's Nottingham
0%
Chalk Farm Nottingham
0%
Tramadolls Nottingham
0%
ABC Sheffield
0%
No matching quizzes found
Score Distribution
Percent of People with Each Score
Percentile by Number Answered
Your Score History
You have not taken this quiz since the last reset